[Event "Batumi WGP 2016"]
[Site "Batumi GEO"]
[Date "2016.04.20"]
[Round "1"]
[White "Khotenashvili,B"]
[Black "Dzagnidze,N"]
[Result "1/2-1/2"]
[WhiteElo "2493"]
[BlackElo "2535"]
[EventDate "2016.04.20"]

1. d4 Nf6 2. c4 e6 3. g3 d5 4. Nf3 dxc4 5. Bg2 Bb4+ 6. Bd2 a5 7. Qc2 Bxd2+
8. Qxd2 c6 9. a4 Ne4 10. Qe3 Nd6 11. Na3 O-O 12. O-O b5 13. Ne5 Nf5 14. Qe4
b4 15. Naxc4 Qxd4 16. Rfd1 Qxe4 17. Bxe4 Ne7 18. Rd6 Ra6 19. Rad1 Nd5 20.
Bf3 f6 21. Nd3 Nd7 22. Rxd7 Bxd7 23. Nc5 Ra7 24. e4 Bc8 25. exd5 cxd5 26.
Nd2 Kf7 27. Ndb3 Rd8 28. h4 Rc7 29. Kg2 Rd6 30. Be2 e5 31. Bb5 d4 32. Rd2
f5 33. f3 Kf6 34. Rf2 Rd5 35. Nd3 Bd7 36. Bxd7 Rcxd7 37. g4 g6 38. Re2 Re7
39. g5+ Kf7 40. Nd2 Ke8 41. Kf2 Kd8 42. Ke1 Kc7 43. Kd1 Kc6 44. b3 Re8 45.
Kc2 Kd7 46. Nb2 Rc8+ 47. Ndc4 Re8 48. Nb6+ Kc6 49. Nxd5 Kxd5 50. Nc4 e4 51.
fxe4+ fxe4 52. Kd2 Rf8 53. Nb6+ Kc6 54. Nc4 Kd5 55. Nb6+ Kc6 56. Nc4 Kd5
57. Nb6+ Kc6 58. Nc4 1/2-1/2

[Event "Batumi WGP 2016"]
[Site "Batumi GEO"]
[Date "2016.04.20"]
[Round "1"]
[White "Muzychuk,A"]
[Black "Muzychuk,M"]
[Result "1/2-1/2"]
[WhiteElo "2555"]
[BlackElo "2561"]
[EventDate "2016.04.20"]

1. e4 e5 2. Nf3 Nc6 3. Bb5 a6 4. Ba4 Nf6 5. O-O Be7 6. Re1 b5 7. Bb3 O-O 8.
c3 d6 9. h3 Nb8 10. d4 Nbd7 11. Nbd2 Bb7 12. Bc2 c5 13. Nf1 exd4 14. cxd4
cxd4 15. Ng3 Re8 16. Nxd4 d5 17. exd5 Bxd5 18. Ngf5 Bf8 19. Rxe8 Qxe8 20.
Bf4 Be4 21. Bxe4 Qxe4 22. Qd2 Qd5 23. Ne3 Qe4 24. Nef5 Qd5 25. Ne3 Qe4 26.
Nef5 1/2-1/2

[Event "Batumi WGP 2016"]
[Site "Batumi GEO"]
[Date "2016.04.20"]
[Round "1"]
[White "Skripchenko,A"]
[Black "Danielian,E"]
[Result "1/2-1/2"]
[WhiteElo "2453"]
[BlackElo "2445"]
[EventDate "2016.04.20"]

1. e4 e6 2. d4 d5 3. Nd2 c5 4. exd5 exd5 5. Ngf3 Nf6 6. Bb5+ Bd7 7. Bxd7+
Nbxd7 8. O-O Be7 9. dxc5 Nxc5 10. Nb3 Nce4 11. Nfd4 Qd7 12. f3 Nd6 13. Nc5
Qc8 14. Nd3 O-O 15. Be3 Re8 16. Re1 Bd8 17. Bf2 Rxe1+ 18. Qxe1 Bb6 19. Qd2
Qc4 20. c3 Re8 21. b3 Qc7 22. Nf4 h6 23. Nfe2 Re5 24. Rd1 Nf5 25. Nf4 Nxd4
26. Bxd4 Bxd4+ 27. cxd4 Re8 28. Rc1 Qd6 29. Nd3 Nd7 30. Qb4 Qa6 31. Qd2 Qd6
32. Qb4 Qa6 33. Qd2 1/2-1/2

[Event "Batumi WGP 2016"]
[Site "Batumi GEO"]
[Date "2016.04.20"]
[Round "1"]
[White "Gunina,V"]
[Black "Girya,O"]
[Result "0-1"]
[WhiteElo "2497"]
[BlackElo "2442"]
[EventDate "2016.04.20"]

1. d4 d5 2. c4 c6 3. Nf3 Nf6 4. e3 Bg4 5. Nc3 e6 6. h3 Bh5 7. g4 Bg6 8. Ne5
Nbd7 9. Nxg6 hxg6 10. Qb3 Qb6 11. Bg2 g5 12. Bd2 Be7 13. O-O-O a5 14. Qc2
dxc4 15. e4 e5 16. Be3 Qa6 17. Bxg5 a4 18. f4 exd4 19. Rxd4 a3 20. b3 cxb3
21. Qxb3 Nc5 22. Qc2 Qb6 23. e5 Ne6 24. Rc4 Nxg4 25. hxg4 Rxh1+ 26. Bxh1
Nxg5 27. Nd1 Rd8 28. Qh2 Ne6 29. Be4 Bb4 30. Qh8+ Ke7 31. Qh4+ g5 32. fxg5
Bd2+ 33. Kc2 Bxg5 34. Qh1 Rd2+ 35. Kc3 Qa5+ 36. Kb3 b5 37. Rb4 c5 0-1

[Event "Batumi WGP 2016"]
[Site "Batumi GEO"]
[Date "2016.04.20"]
[Round "1"]
[White "Zhao Xue"]
[Black "Batsiashvili,N"]
[Result "1/2-1/2"]
[WhiteElo "2504"]
[BlackElo "2476"]
[EventDate "2016.04.20"]

1. c4 Nf6 2. Nf3 e6 3. g3 d5 4. Bg2 dxc4 5. Na3 Bxa3 6. bxa3 Nc6 7. Bb2 O-O
8. Qc2 Re8 9. Qxc4 e5 10. O-O Be6 11. Qh4 Bg4 12. Rfd1 Qe7 13. h3 Bxf3 14.
Bxf3 Qe6 15. Bg2 Rad8 16. Qa4 Rd6 17. d3 Nd5 18. Rdc1 Qd7 19. Rc5 Nb6 20.
Qc2 h5 21. h4 Qe6 22. Qb3 Nd7 23. Rc2 b6 24. Qxe6 Rexe6 25. Bh3 Re7 26.
Bxd7 Rexd7 27. Rac1 Nd4 28. Bxd4 Rxd4 29. Rxc7 Rxc7 30. Rxc7 Ra4 31. Rc8+
Kh7 32. Rc3 Kg6 33. Kf1 Kf5 34. e3 f6 35. Kg2 g5 36. hxg5 Kxg5 37. Kh3 Kg6
38. f4 e4 39. d4 Ra5 40. Kh4 Rb5 41. g4 hxg4 42. Kxg4 Ra5 43. Rc6 Rxa3 44.
f5+ Kf7 45. Kf4 Rxa2 46. Rc7+ Kf8 47. Rb7 Ra5 48. Kxe4 b5 49. Kd5 b4+ 50.
Ke6 Ra6+ 51. Kd7 Rb6 52. Rxa7 b3 53. Ra1 b2 54. Rb1 Rb7+ 55. Kd6 Ke8 56. e4
Kf7 57. Kd5 Kg7 58. Kc4 Kh6 59. Kc3 Re7 60. Rxb2 Rxe4 61. Rg2 Rf4 62. Rg6+
Kh7 63. Rxf6 Kg7 64. Rg6+ Kf7 65. Rg5 Kf6 66. Rh5 Ke7 67. Kc4 Kd6 68. Rh6+
Kd7 69. f6 Kd6 70. f7+ Ke7 71. Rh7 Kd6 72. Kd3 Kd5 73. Ke3 Rf1 74. Rh5+ Ke6
75. Rh7 Rxf7 76. Rxf7 Kxf7 77. Kd3 Ke6 78. Kc4 Kd6 79. d5 Kd7 80. Kc5 Kc7
81. d6+ Kd7 82. Kd5 Kd8 83. Ke6 Ke8 84. d7+ Kd8 85. Kd6 1/2-1/2

[Event "Batumi WGP 2016"]
[Site "Batumi GEO"]
[Date "2016.04.21"]
[Round "2"]
[White "Girya,O"]
[Black "Zhao Xue"]
[Result "1-0"]
[WhiteElo "2442"]
[BlackElo "2504"]
[EventDate "2016.04.20"]

1. d4 Nf6 2. c4 e6 3. Nc3 Bb4 4. Qc2 d6 5. a3 Bxc3+ 6. Qxc3 Nbd7 7. f3 e5
8. e4 c5 9. dxe5 dxe5 10. Ne2 a5 11. Be3 Qe7 12. g4 Nb8 13. Ng3 O-O 14.
O-O-O Nc6 15. g5 Ne8 16. Rd5 b6 17. f4 Nc7 18. Bg2 exf4 19. Bxf4 Nd4 20.
Rxd4 cxd4 21. Qxd4 Ne6 22. Nf5 Qc5 23. Qxc5 bxc5 24. Bd6 Rd8 25. Ne7+ Kh8
26. e5 Ba6 27. Bxa8 Rxa8 28. h4 Bxc4 29. Kd2 Bb5 30. Ke3 Ra7 31. Rc1 Rb7
32. Bxc5 Ba6 33. b4 h6 34. gxh6 Nxc5 35. hxg7+ Kxg7 36. Nf5+ Kg6 37. Nd6
Nb3 38. Rc6 Re7 39. Rxa6 Rxe5+ 40. Kf4 Re6 41. bxa5 Nxa5 42. h5+ Kh7 43.
Rxa5 Rxd6 44. Ke4 Kh6 45. a4 Rd1 46. Rf5 Kg7 47. a5 Rd2 48. Rd5 Rf2 49. a6
Re2+ 50. Kd4 Ra2 51. Rd6 Ra5 52. h6+ Kh7 53. Rf6 Kg8 54. Kc4 Kf8 55. Kb4
Ra1 56. h7 Kg7 57. Rxf7+ Kh8 58. Rf6 Kxh7 59. Kb5 Kg7 60. Rf4 Kg6 61. Ra4
Rb1+ 62. Rb4 Ra1 63. Kb6 Rf1 64. a7 1-0

[Event "Batumi WGP 2016"]
[Site "Batumi GEO"]
[Date "2016.04.21"]
[Round "2"]
[White "Dzagnidze,N"]
[Black "Muzychuk,A"]
[Result "1/2-1/2"]
[WhiteElo "2535"]
[BlackElo "2555"]
[EventDate "2016.04.20"]

1. d4 Nf6 2. c4 g6 3. Nf3 Bg7 4. Nc3 d5 5. Bg5 dxc4 6. e4 c5 7. d5 b5 8. e5
b4 9. exf6 exf6 10. Qe2+ Kf8 11. Bd2 bxc3 12. Bxc3 Qxd5 13. Qxc4 Qxc4 14.
Bxc4 Be6 15. Nd2 Nd7 16. O-O-O Nb6 17. Bxe6 fxe6 18. Ne4 Ke7 19. Nxc5 Rhc8
20. Ne4 Nd5 21. Kb1 Nxc3+ 22. Nxc3 f5 23. Rd3 Rab8 24. Rc1 g5 25. h3 h5 26.
f3 h4 27. Na4 Be5 28. Re1 Bg3 29. Re2 Bf4 30. Nc3 Kf6 31. Kc2 Rc6 32. Rd7
Rcb6 33. Kb1 Rc6 34. Rc2 Ra6 35. b3 Be5 36. Rc1 Rbb6 37. Ne2 Rd6 38. Rcc7
Rxd7 39. Rxd7 Rd6 40. Rxd6 Bxd6 41. Kc2 Ke5 42. Kd3 Kd5 43. Nd4 Be5 44. Nc2
Bf4 45. Nd4 Be5 46. Nc2 Bf4 47. Nd4 1/2-1/2

[Event "Batumi WGP 2016"]
[Site "Batumi GEO"]
[Date "2016.04.21"]
[Round "2"]
[White "Javakhishvili,L"]
[Black "Khotenashvili,B"]
[Result "1-0"]
[WhiteElo "2489"]
[BlackElo "2493"]
[EventDate "2016.04.20"]

1. d4 d5 2. c4 e6 3. Nc3 Bb4 4. e3 Nf6 5. Nge2 O-O 6. a3 Be7 7. cxd5 exd5
8. g3 c6 9. Bg2 Bf5 10. h3 Re8 11. g4 Be4 12. f3 Bg6 13. O-O h6 14. e4 dxe4
15. fxe4 Na6 16. Nf4 Bh7 17. e5 Nd7 18. b4 Nb6 19. b5 cxb5 20. Bxb7 Nc7 21.
Bxa8 Qxa8 22. Qf3 Qxf3 23. Rxf3 Rd8 24. Nce2 Nc4 25. Rc3 g5 26. Nh5 Nd5 27.
Rb3 a6 28. Nhg3 Nf4 29. Bxf4 gxf4 30. Nf5 Bg5 31. Ra2 Ne3 32. Rxe3 fxe3 33.
Rc2 a5 34. Kg2 a4 35. Kf3 Kf8 36. Rb2 Rb8 37. d5 h5 38. Rb4 hxg4+ 39. hxg4
Bd8 40. Ned4 e2 41. Kxe2 Bc7 42. d6 Ba5 43. Rb1 Rb7 44. Rh1 Kg8 45. Rc1 Bg6
46. Nc6 Bxf5 47. gxf5 Bb6 48. e6 1-0

[Event "Batumi WGP 2016"]
[Site "Batumi GEO"]
[Date "2016.04.21"]
[Round "2"]
[White "Muzychuk,M"]
[Black "Skripchenko,A"]
[Result "0-1"]
[WhiteElo "2561"]
[BlackElo "2453"]
[EventDate "2016.04.20"]

1. e4 c5 2. Nf3 Nc6 3. Nc3 e5 4. Bc4 Be7 5. d3 Nf6 6. Nd2 d6 7. Nf1 Bg4 8.
f3 Be6 9. Ne3 O-O 10. O-O Nd7 11. Ncd5 Bg5 12. a4 Nb6 13. c3 Bxe3+ 14. Bxe3
Bxd5 15. exd5 Ne7 16. Qb3 Rb8 17. Qa2 Nxc4 18. dxc4 Nf5 19. Bf2 Qg5 20.
Rfe1 Nh4 21. Bxh4 Qxh4 22. a5 f5 23. b4 Rbc8 24. Rac1 Rf7 25. Qb3 g5 26. g3
Qh5 27. Qd1 Qg6 28. Qd3 h5 29. Re2 Kg7 30. Kg2 Qh6 31. Rb1 h4 32. bxc5 Rxc5
33. Reb2 hxg3 34. hxg3 Rxa5 35. Rxb7 Ra2+ 36. R7b2 Rxb2+ 37. Rxb2 g4 38. f4
exf4 39. Qd4+ Kg6 40. Qxf4 Qxf4 41. gxf4 Rc7 42. Re2 Rxc4 43. Re6+ Kf7 44.
Rxd6 a5 45. Ra6 a4 46. Ra7+ Kf6 47. Kg3 Rxc3+ 48. Kg2 a3 49. d6 Ke6 50. d7
Ke7 51. Ra5 Rc2+ 52. Kg3 a2 53. Ra7 Kd8 54. Kh4 Rh2+ 55. Kg3 Rd2 56. Kh4
Rg2 57. Kg5 Rh2 0-1

[Event "Batumi WGP 2016"]
[Site "Batumi GEO"]
[Date "2016.04.21"]
[Round "2"]
[White "Danielian,E"]
[Black "Gunina,V"]
[Result "0-1"]
[WhiteElo "2445"]
[BlackElo "2497"]
[EventDate "2016.04.20"]

1. d4 d5 2. Nf3 Nf6 3. c4 c6 4. Nc3 e6 5. e3 Nbd7 6. Qc2 Bd6 7. Bd3 dxc4 8.
Bxc4 O-O 9. O-O b5 10. Bd3 Bb7 11. a3 h6 12. Rd1 Qc7 13. e4 e5 14. Ne2 c5
15. dxc5 Nxc5 16. Ng3 a6 17. Be3 Rac8 18. b4 Nxd3 19. Qxd3 Rfd8 20. Rac1
Qb8 21. Rxc8 Qxc8 22. Qb1 Bb8 23. Rxd8+ Qxd8 24. h3 Qc7 25. Qd3 Bc8 26. Nd2
Be6 27. Nb3 Bc4 28. Qd1 Kh7 29. Nc5 Qc8 30. f3 g6 31. Qd2 h5 32. Nf1 Bc7
33. Bf2 Ne8 34. Ne3 Nd6 35. Qc3 f6 36. Nd5 Bxd5 37. exd5 Bb6 38. Qd3 a5 39.
Kf1 axb4 40. axb4 Qa8 41. Be1 Qa2 42. Nd7 Bd4 43. Nf8+ Kg8 44. Ne6 Nf5 45.
Nxd4 exd4 46. Bf2 h4 47. d6 Qd5 48. Qe4 Qxd6 49. Qe8+ Kg7 50. Qxb5 d3 51.
Qb7+ Kh6 52. Ke1 Qe5+ 53. Qe4 Qc3+ 54. Kf1 Qc1+ 55. Be1 Ng3+ 0-1

[Event "Batumi WGP 2016"]
[Site "Batumi GEO"]
[Date "2016.04.22"]
[Round "3"]
[White "Muzychuk,A"]
[Black "Javakhishvili,L"]
[Result "1-0"]
[WhiteElo "2555"]
[BlackElo "2489"]
[EventDate "2016.04.20"]

1. e4 e6 2. d4 d5 3. Nc3 Bb4 4. e5 c5 5. a3 Bxc3+ 6. bxc3 Ne7 7. Qg4 Qc7 8.
Qxg7 Rg8 9. Qxh7 cxd4 10. Ne2 Nbc6 11. f4 dxc3 12. Nxc3 Nd4 13. Bb2 Bd7 14.
O-O-O Ndf5 15. Nb5 Qc5 16. Nd6+ Nxd6 17. exd6 Qxd6 18. g3 Qc5 19. Bd3 b5
20. f5 exf5 21. Rhe1 Be6 22. Bxf5 Qd6 23. Rxe6 fxe6 24. Re1 Rf8 25. Rxe6
Qc5 26. Qg6+ Rf7 27. Re1 Rd8 28. Qg8+ Rf8 29. Bg6+ Kd7 30. Qe6+ Kc7 31.
Qxe7+ Qxe7 32. Rxe7+ Kd6 33. Re1 Rg8 34. Bf6 Rc8 35. Bf7 Rg4 36. Be7+ 1-0

[Event "Batumi WGP 2016"]
[Site "Batumi GEO"]
[Date "2016.04.22"]
[Round "3"]
[White "Batsiashvili,N"]
[Black "Girya,O"]
[Result "1-0"]
[WhiteElo "2476"]
[BlackElo "2442"]
[EventDate "2016.04.20"]

1. d4 d5 2. c4 c6 3. Nf3 Nf6 4. e3 Bg4 5. Qb3 Qb6 6. Nc3 e6 7. Nh4 Bh5 8.
h3 Nbd7 9. g4 Bg6 10. Nxg6 hxg6 11. Bg2 g5 12. O-O Be7 13. Rd1 Qxb3 14.
axb3 a6 15. Bd2 O-O-O 16. f3 Nf8 17. Ne2 Ng6 18. Kf2 Nh4 19. Bf1 Ng6 20.
Bc3 Bd6 21. Ng3 Bc7 22. Re1 Kb8 23. Rad1 Bb6 24. Ne2 Bc7 25. Nc1 Nd7 26.
Nd3 Nb6 27. Nb4 Nc8 28. Ra1 Nd6 29. Ra2 f5 30. gxf5 Nxf5 31. Rea1 Rdf8 32.
Nxa6+ bxa6 33. Rxa6 Kb7 34. Ra7+ Kc8 35. R1a6 Nge7 36. Bb4 Nd6 37. Rxc7+
Kxc7 38. Ra7+ Nb7 39. Bxe7 Ra8 40. Ra3 Rxa3 41. bxa3 Kd7 42. Bxg5 dxc4 43.
bxc4 Ra8 44. h4 Nd6 45. c5 Nf5 46. Bh3 Rxa3 47. Ke2 g6 48. Bg4 Ra2+ 49. Kd3
Ra3+ 50. Ke4 Rc3 51. Bxf5 exf5+ 52. Ke5 Ra3 53. Kf6 Ra8 54. Kxg6 Ke6 55.
Bf6 Ra3 56. Bg5 Ra8 57. Bh6 Ra1 58. h5 Rh1 59. Bg5 Kd5 60. h6 1-0

[Event "Batumi WGP 2016"]
[Site "Batumi GEO"]
[Date "2016.04.22"]
[Round "3"]
[White "Skripchenko,A"]
[Black "Dzagnidze,N"]
[Result "1/2-1/2"]
[WhiteElo "2453"]
[BlackElo "2535"]
[EventDate "2016.04.20"]

1. e4 c5 2. Nc3 Nc6 3. Bb5 Nd4 4. Bc4 e6 5. Nge2 Nf6 6. O-O a6 7. a4 d5 8.
exd5 exd5 9. Ba2 Bd6 10. d3 Ne6 11. Nxd5 Nxd5 12. Bxd5 Bxh2+ 13. Kxh2 Qxd5
14. Kg1 O-O 15. Nf4 Qf5 16. Nxe6 Bxe6 17. Re1 Rfe8 18. Re3 Bd5 19. Qf1 Bc6
20. b3 h5 21. Bb2 h4 22. Rae1 f6 23. Bc3 Qd5 24. Rxe8+ Rxe8 25. Rxe8+ Bxe8
26. Qe2 Bh5 27. Qe3 Qf5 28. a5 Bf7 29. Qe4 Qg5 30. Qe3 Qh5 31. Kh2 Qf5 32.
f3 Bd5 33. Be1 h3 34. g4 Qe5+ 35. Qxe5 fxe5 36. Kxh3 Bxf3 37. Bg3 Bd1 38.
Bxe5 Bxc2 39. Bd6 1/2-1/2

[Event "Batumi WGP 2016"]
[Site "Batumi GEO"]
[Date "2016.04.22"]
[Round "3"]
[White "Zhao Xue"]
[Black "Danielian,E"]
[Result "1/2-1/2"]
[WhiteElo "2504"]
[BlackElo "2445"]
[EventDate "2016.04.20"]

1. c4 Nf6 2. Nf3 e6 3. e3 d5 4. Qc2 c5 5. cxd5 exd5 6. b3 Nc6 7. Bb2 Bd6 8.
Nc3 O-O 9. Rc1 Bg4 10. Be2 d4 11. Ng5 Nb4 12. Qb1 dxc3 13. dxc3 c4 14. bxc4
Qa5 15. cxb4 Qxg5 16. Bxf6 gxf6 17. Bxg4 Qxg4 18. O-O Rfd8 19. c5 Bc7 20.
Rfd1 Kg7 21. a3 a6 22. Qc2 Rac8 23. h3 Qe6 24. Rxd8 Rxd8 25. Rd1 Qa2 26.
Qb1 Rd2 27. Re1 Qxb1 28. Rxb1 Ra2 29. Kf1 Rxa3 30. Rd1 Be5 31. Rd7 Rb3 32.
Rxb7 a5 33. b5 a4 34. b6 a3 35. Ra7 Rb1+ 36. Ke2 Rb2+ 37. Kd3 a2 38. f4 Bb8
39. Ra8 f5 40. Kc3 Rxg2 41. c6 Rg6 42. c7 Bxc7 43. bxc7 Rc6+ 44. Kd3 Rxc7
45. Rxa2 1/2-1/2

[Event "Batumi WGP 2016"]
[Site "Batumi GEO"]
[Date "2016.04.23"]
[Round "4"]
[White "Danielian,E"]
[Black "Batsiashvili,N"]
[Result "1-0"]
[WhiteElo "2445"]
[BlackElo "2476"]
[EventDate "2016.04.20"]

1. d4 d5 2. c4 e6 3. Nf3 Nf6 4. Nc3 Be7 5. Bf4 O-O 6. e3 b6 7. cxd5 Nxd5 8.
Bg3 c5 9. Bd3 cxd4 10. exd4 Bb7 11. O-O Nc6 12. Re1 Rc8 13. Rc1 Nxc3 14.
bxc3 Bf6 15. h4 Ne7 16. h5 Nf5 17. Bf4 Re8 18. Qe2 Qd5 19. c4 Qd7 20. d5 g6
21. hxg6 hxg6 22. Ne5 Bxe5 23. Bxe5 exd5 24. Qg4 Rc6 25. Bb2 Rce6 26. Red1
Rd6 27. cxd5 Rxd5 28. Bc4 Qe6 29. Bxd5 Bxd5 30. Qh3 f6 31. Bxf6 Qxf6 32.
Rxd5 Qg5 33. Rcd1 a5 34. Rd7 Ng7 35. Qb3+ Ne6 36. Re1 Qf5 37. Rd5 a4 38.
Qb5 Qf7 39. Rde5 Rf8 40. Qxb6 Nf4 41. Re7 Qxa2 42. Qd4 Nh5 43. Ra7 a3 44.
Ree7 Qb1+ 45. Kh2 Qb8+ 46. g3 Qb2 47. Qd5+ 1-0

[Event "Batumi WGP 2016"]
[Site "Batumi GEO"]
[Date "2016.04.23"]
[Round "4"]
[White "Dzagnidze,N"]
[Black "Gunina,V"]
[Result "1-0"]
[WhiteElo "2535"]
[BlackElo "2497"]
[EventDate "2016.04.20"]

1. d4 d5 2. c4 c6 3. cxd5 cxd5 4. Bf4 Nc6 5. e3 Nf6 6. Nc3 Bg4 7. Qb3 Na5
8. Qa4+ Bd7 9. Qc2 e6 10. Nf3 Be7 11. Bd3 Nc6 12. a3 Nh5 13. Be5 f6 14. Bg3
f5 15. Be5 O-O 16. O-O Rc8 17. Rfc1 Nf6 18. h3 Ne4 19. Bf4 Be8 20. Ne5 Nxe5
21. Bxe5 Bh4 22. f3 Nxc3 23. bxc3 Bf6 24. Bh2 Qe7 25. a4 g6 26. Qb3 Bc6 27.
Qb4 Qg7 28. Bd6 Rfd8 29. a5 Qd7 30. Bf4 Re8 31. Rab1 e5 32. dxe5 Bxe5 33.
Bxe5 Rxe5 34. Qd4 Rce8 35. Re1 Qe7 36. Kf2 a6 37. Re2 h5 38. Rb6 Kh7 39.
Bxa6 f4 40. Qxf4 Re4 41. fxe4 Rf8 42. Qxf8 Qxf8+ 43. Kg1 Qa8 44. exd5 Bxd5
45. Bd3 Qxa5 46. Rxg6 Qa1+ 47. Kf2 Kh8 48. Rh6+ Kg7 49. Rxh5 Bc6 50. Rc5
Qd1 51. Bc4 Qd6 52. Rg5+ Kf6 53. Rg4 b5 54. Rf4+ Ke5 55. Bf7 Qd3 56. Ra2
Qxc3 57. h4 Qc1 58. h5 Qh1 59. Kg3 b4 60. Raf2 Qe1 61. h6 Qxe3+ 62. Kh2 Be4
63. Bg8 Qb6 64. h7 Qh6+ 65. Kg1 Bxh7 66. Bxh7 Qxh7 67. Rxb4 Qd3 68. Rbf4
Qb1+ 69. Rf1 Qb6+ 70. R4f2 Qe3 71. Rd1 Qa7 72. Re1+ Kd4 73. g3 Kc4 74. Re4+
Kd5 75. Ree2 Kd6 76. Kg2 Qa8+ 77. Rf3 Qd5 78. Ree3 Qb7 79. g4 Qb4 80. g5
Qb2+ 81. Kg3 Qb1 82. Kg4 Kd5 83. Rf5+ Kd6 84. Rfe5 Qd1+ 85. Kf5 Qf1+ 86.
Kg6 Qf4 87. Kg7 Qa4 88. Re6+ Kd7 89. g6 Qg4 90. Kg8 Qc4 91. g7 Qa2 92. Kh7
Qh2+ 93. Rh6 Qc2+ 94. Kh8 Qb2 95. Rf3 1-0

[Event "Batumi WGP 2016"]
[Site "Batumi GEO"]
[Date "2016.04.23"]
[Round "4"]
[White "Khotenashvili,B"]
[Black "Muzychuk,A"]
[Result "1/2-1/2"]
[WhiteElo "2493"]
[BlackElo "2555"]
[EventDate "2016.04.20"]

1. d4 Nf6 2. c4 g6 3. g3 c6 4. Bg2 d5 5. e3 Bg7 6. Ne2 O-O 7. O-O Nbd7 8.
cxd5 cxd5 9. Nbc3 e6 10. b3 a6 11. a4 b6 12. Ba3 Re8 13. Qd3 Bb7 14. Rfc1
Rc8 15. Ra2 Nb8 16. b4 Nbd7 17. b5 a5 18. Rac2 Bf8 19. Bxf8 Rxf8 20. e4
dxe4 21. Nxe4 Rxc2 22. Qxc2 Qa8 23. Nxf6+ Nxf6 24. Bxb7 Qxb7 25. Qc6 Qxc6
26. Rxc6 Nd5 27. Kg2 Rb8 28. Ng1 Ne7 29. Rc7 Nd5 30. Rc6 Ne7 31. Rc7 Nd5
32. Rc4 Rb7 33. Nf3 f6 34. Rc8+ Kg7 35. Re8 Re7 36. Rb8 g5 37. h4 g4 38.
Nh2 h5 1/2-1/2

[Event "Batumi WGP 2016"]
[Site "Batumi GEO"]
[Date "2016.04.23"]
[Round "4"]
[White "Muzychuk,M"]
[Black "Zhao Xue"]
[Result "1/2-1/2"]
[WhiteElo "2561"]
[BlackElo "2504"]
[EventDate "2016.04.20"]

1. e4 e5 2. Nf3 Nc6 3. Bc4 Bc5 4. c3 Nf6 5. d4 exd4 6. cxd4 Bb4+ 7. Bd2
Bxd2+ 8. Nbxd2 d5 9. exd5 Nxd5 10. O-O O-O 11. Rc1 Nf6 12. Qa4 Ne7 13. Ne5
c6 14. Qb3 Ned5 15. Rfe1 Qb6 16. Qxb6 axb6 17. f3 Ra4 18. Ne4 b5 19. Bb3
Rxd4 20. Nd6 Rd2 21. Rcd1 Rxd1 22. Rxd1 h5 23. h4 g6 24. Rd4 Kg7 25. g4
hxg4 26. fxg4 c5 27. Rxd5 Nxd5 28. Bxd5 f6 29. Nef7 Bxg4 30. Nxb7 Rxf7 31.
Bxf7 Kxf7 32. Nxc5 Ke7 33. a4 Kd6 34. b4 bxa4 35. Nxa4 g5 1/2-1/2

[Event "Batumi WGP 2016"]
[Site "Batumi GEO"]
[Date "2016.04.25"]
[Round "5"]
[White "Skripchenko,A"]
[Black "Khotenashvili,B"]
[Result "1-0"]
[WhiteElo "2453"]
[BlackElo "2493"]
[EventDate "2016.04.20"]

1. e4 c6 2. d4 d5 3. Nd2 dxe4 4. Nxe4 Bf5 5. Ng3 Bg6 6. h4 h6 7. Nf3 Nd7 8.
h5 Bh7 9. Bd3 Bxd3 10. Qxd3 e6 11. Bd2 Ngf6 12. O-O-O Be7 13. Kb1 O-O 14.
Ne4 Nxe4 15. Qxe4 Nf6 16. Qe2 Qd5 17. Be3 Ng4 18. Bc1 Qb5 19. c4 Qf5+ 20.
Ka1 Rad8 21. Nh4 Qxh5 22. f3 Nf6 23. g4 Qa5 24. g5 hxg5 25. Ng6 fxg6 26.
Qxe6+ Rf7 27. Rh8+ Kxh8 28. Qxf7 Rxd4 29. Rxd4 Qe1 30. Kb1 Kh7 31. Rd2 Qe5
32. a3 Qe1 33. Rd3 Qf1 34. Rb3 Bd6 35. Rxb7 Nh5 36. Kc2 g4 37. fxg4 Qe2+
38. Kb1 Qxg4 39. Rd7 Bc5 40. Ka2 Bb6 41. Rd6 c5 42. Rd7 Qf5 43. Bd2 Qxf7
44. Rxf7 Ng3 45. Bf4 Nf5 46. Rd7 Nd4 47. Be5 Nf5 48. Bf4 Nd4 49. b4 Kg8 50.
Bd6 1-0

[Event "Batumi WGP 2016"]
[Site "Batumi GEO"]
[Date "2016.04.25"]
[Round "5"]
[White "Gunina,V"]
[Black "Javakhishvili,L"]
[Result "1-0"]
[WhiteElo "2497"]
[BlackElo "2489"]
[EventDate "2016.04.20"]

1. d4 d5 2. c4 e6 3. Nf3 Nf6 4. Nc3 Be7 5. Bg5 h6 6. Bh4 O-O 7. e3 Ne4 8.
Bxe7 Qxe7 9. cxd5 Nxc3 10. bxc3 exd5 11. Qb3 Rd8 12. a4 c5 13. Qa3 Bg4 14.
Ne5 Bf5 15. Bb5 Qg5 16. Qxc5 Qxg2 17. Qe7 Rf8 18. Ke2 Nc6 19. Bxc6 bxc6 20.
Rhg1 Qe4 21. Ra2 Rae8 22. Qf6 Bg6 23. Qf4 Bh5+ 24. Kd2 Qxf4 25. exf4 f6 26.
Ng4 Re4 27. f3 Rxf4 28. Ke3 g5 29. Rb2 Re8+ 30. Kf2 f5 31. Nf6+ Kf7 32.
Nxh5 Rh4 33. Ng3 Rxh2+ 34. Rg2 Rxg2+ 35. Kxg2 Kf6 36. Re2 Rb8 37. Kh3 Rb1
38. Re8 f4 39. Ne2 h5 40. a5 Rb2 41. Kg2 Ra2 42. Kf2 Rxa5 43. Rc8 Ra6 44.
c4 dxc4 45. Nc3 g4 46. fxg4 hxg4 47. Rf8+ Ke6 48. Rxf4 Ra3 49. Ne2 g3+ 50.
Nxg3 c3 51. Rf5 Ra4 52. Re5+ Kd7 53. Ne2 Rc4 54. Ke3 c2 55. Nc1 Kd6 56. Kd3
Rb4 57. Kc3 Ra4 58. Rc5 Kc7 59. Kd3 Kb6 60. Rxc2 Ra3+ 61. Ke4 a5 62. Nd3
Ra1 63. Ne5 a4 64. Rxc6+ Kb5 65. Rc8 a3 66. Rb8+ Ka4 67. Kd5 a2 68. Nc4 Rh1
69. Ra8+ Kb3 70. Ra3+ Kb4 71. Rxa2 Rh5+ 72. Ne5 1-0

[Event "Batumi WGP 2016"]
[Site "Batumi GEO"]
[Date "2016.04.25"]
[Round "5"]
[White "Batsiashvili,N"]
[Black "Muzychuk,M"]
[Result "1/2-1/2"]
[WhiteElo "2476"]
[BlackElo "2561"]
[EventDate "2016.04.20"]

1. d4 Nf6 2. c4 e6 3. Nc3 Bb4 4. Qc2 O-O 5. Nf3 d5 6. cxd5 exd5 7. Bg5 Nbd7
8. e3 h6 9. Bh4 g5 10. Bg3 Ne4 11. Bd3 Ndf6 12. O-O Nxg3 13. fxg3 c6 14.
Rae1 Bd6 15. Nd2 Kg7 16. Re2 Be6 17. Ref2 Be7 18. h3 Rc8 19. g4 c5 20. Nf3
a6 21. dxc5 Bxc5 22. Nd4 Nd7 23. Bf5 Qb6 24. Qd1 Qd6 25. Bb1 Qe5 26. Qd3 f5
27. gxf5 Bg8 28. Ne6+ Kh8 29. Nxd5 Rfe8 30. Rf3 Nf8 31. Nxc5 Bxd5 32. e4
Rxc5 33. exd5 Rxd5 34. Qc3 Qxc3 35. Rxc3 Rd2 36. Rc2 Ree2 37. Rxd2 Rxd2 38.
b3 Nd7 39. f6 Rd6 40. Be4 b6 41. Bb7 a5 42. f7 Kg7 43. Ba6 Rf6 44. Rxf6
Nxf6 45. Bc4 Ne4 46. Be6 b5 47. a3 Nc5 48. Bd5 Nd3 49. Kf1 Nf4 50. Bc6 b4
51. axb4 axb4 52. Be8 Ne6 53. Bb5 Kxf7 54. Bc4 Kf6 55. Bxe6 Kxe6 56. Ke2
Ke5 57. Ke3 1/2-1/2

[Event "Batumi WGP 2016"]
[Site "Batumi GEO"]
[Date "2016.04.25"]
[Round "5"]
[White "Zhao Xue"]
[Black "Dzagnidze,N"]
[Result "1-0"]
[WhiteElo "2504"]
[BlackElo "2535"]
[EventDate "2016.04.20"]

1. c4 Nf6 2. Nf3 e6 3. b3 d5 4. e3 Bd6 5. Bb2 b6 6. Nc3 O-O 7. Qc2 a6 8.
cxd5 exd5 9. Ng5 g6 10. h4 Bb7 11. h5 Qe7 12. hxg6 hxg6 13. Qd3 Be5 14. Nf3
Nbd7 15. Nxe5 Nxe5 16. Qd4 Rfe8 17. Be2 Rad8 18. Qh4 Nh5 19. d4 Qxh4 20.
Rxh4 Nd7 21. Bxh5 gxh5 22. Rxh5 Nf8 23. Kd2 Re6 24. Ne2 Ng6 25. Rah1 Rde8
26. Ba3 c6 27. Ng3 Bc8 28. Rg5 Bd7 29. Nh5 a5 30. Rf5 a4 31. Nf6+ Rxf6 32.
Rxf6 Ra8 33. Bb2 Be6 34. Rf3 Kg7 35. Rg3 Bf5 36. Rc1 axb3 37. axb3 Ra2 38.
Kc3 b5 39. b4 Ra8 40. Rg5 Kf6 41. Rh5 Ne7 42. f3 Bg6 43. Rhh1 Nf5 44. Kd2
Ra2 45. Rxc6+ Kg7 46. Kc3 Nxe3 47. Ra1 Rxa1 48. Bxa1 Nxg2 49. Rc5 Ne1 50.
Rxb5 Nxf3 51. Rc5 1-0

[Event "Batumi WGP 2016"]
[Site "Batumi GEO"]
[Date "2016.04.25"]
[Round "5"]
[White "Girya,O"]
[Black "Danielian,E"]
[Result "1-0"]
[WhiteElo "2442"]
[BlackElo "2445"]
[EventDate "2016.04.20"]

1. d4 Nf6 2. c4 e6 3. Nc3 Bb4 4. Qc2 d5 5. cxd5 exd5 6. Bf4 c5 7. dxc5 Qa5
8. e3 Ne4 9. Nge2 Nc6 10. a3 Bf5 11. Qc1 Nxc5 12. axb4 Nd3+ 13. Kd2 Qxb4
14. Ra4 Qb3 15. Qb1 Nxb2 16. Qxf5 Nxa4 17. Nxa4 Qxa4 18. Nc3 Qa3 19. Bd3
Qb2+ 20. Bc2 Nb4 21. Rc1 Nxc2 22. Qe5+ Kf8 23. Qd6+ Kg8 24. Rxc2 Qa1 25.
Nxd5 h6 26. Ne7+ Kh7 27. Qd3+ g6 28. Ke2 Rhd8 29. Nd5 a5 30. e4 Rac8 31.
Rd2 Re8 32. Be3 Qe5 33. f3 Re6 34. Bf4 Qa1 35. Kf2 a4 36. Qb5 Rc1 37. Qxb7
Kg7 38. Be3 Rf1+ 39. Kg3 Qe5+ 40. f4 Qxe4 41. Bd4+ Kf8 42. Qb8+ Re8 43.
Qd6+ 1-0

[Event "Batumi WGP 2016"]
[Site "Batumi GEO"]
[Date "2016.04.26"]
[Round "6"]
[White "Muzychuk,M"]
[Black "Girya,O"]
[Result "1-0"]
[WhiteElo "2561"]
[BlackElo "2442"]
[EventDate "2016.04.20"]

1. e4 c6 2. Nc3 d5 3. Nf3 Nf6 4. e5 Ne4 5. Ne2 Qb6 6. d4 e6 7. Nfg1 f6 8.
f3 Ng5 9. exf6 gxf6 10. f4 Nf7 11. Nf3 Be7 12. Ng3 c5 13. f5 Nc6 14. fxe6
Bxe6 15. Bd3 O-O-O 16. Bf5 Nxd4 17. Nxd4 cxd4 18. O-O d3+ 19. Kh1 dxc2 20.
Qxc2+ Kb8 21. Bf4+ Ne5 22. Rae1 Bxf5 23. Nxf5 Bd6 24. Nxd6 Qxd6 25. Qf5
Rde8 26. Bg3 Re6 27. Bh4 Rhe8 28. Rd1 a6 29. Qxh7 Ka8 30. Qf5 Rf8 31. Rd4
Ree8 32. Rfd1 Nc6 33. Rxd5 Ne7 34. Qd7 Qb4 35. R5d4 Qxb2 36. Bxf6 Nc6 37.
Qxe8+ Rxe8 38. Rd8+ Nxd8 39. Bxb2 Nc6 40. h4 Re2 41. Bg7 Rxa2 42. Rd5 Ra4
43. h5 Kb8 44. h6 Ne7 45. Rh5 Kc7 46. h7 Ng6 47. Rh6 Rg4 48. Bf6 1-0